How to do marketing research /

Bibliographic Details
Main Author: Hague, Paul N.
Other Authors: Jackson, Peter, 1942-
Format: Book
Language:English
Published: London : Kogan Page, 1990.
Subjects:

MARC

Tag First Indicator Second Indicator Subfields
LEADER 00000cam a22000007a 4500
001 in00001020621
005 20150928122052.0
008 900718s1990 enk 000 0 eng d
010 |a gb 89059225  
015 |a GB89-59225 
020 |a 0749400854 (cased) :  |c £18.95 
020 |a 0749400080 (pbk) :  |c £8.99 
035 |a (OCoLC)20933317 
035 |9 AFG1895AM 
040 |a UKM  |c UKM  |d UtOrBLW 
049 |a TXAM 
050 1 4 |a HF5415.2  |b .H33 1990 
080 |a 659.113.2 
082 0 4 |a 658.83  |2 20 
100 1 |a Hague, Paul N. 
245 1 0 |a How to do marketing research /  |c Paul N. Hague and Peter Jackson. 
264 1 |a London :  |b Kogan Page,  |c 1990. 
300 |a 226 pages 
336 |a text  |b txt  |2 rdacontent 
337 |a unmediated  |b n  |2 rdamedia 
338 |a volume  |b nc  |2 rdacarrier 
650 0 |a Marketing research. 
700 1 |a Jackson, Peter,  |d 1942- 
999 |a MARS 
999 f f |s e692b364-1ca5-3297-889f-1375bfceea91  |i 1e201a6c-7a76-391f-b536-f0823a34fd34  |t 0 
952 f f |p ric  |a Texas A&M University  |b Rellis Campus  |c Joint Library Facility  |d Remote Storage  |t 0  |e HF5415.2 .H33 1990  |h Library of Congress classification  |i unmediated -- volume  |m A14815284470 
998 f f |a HF5415.2 .H33 1990  |t 0  |l Remote Storage